000 00453nam a2200181Ia 4500
001 1053
005 20260306140603.0
008 260306t1976||||xx |||||||||||||| ||spa||
041 _aESP
082 _a180
_bH447
100 _aFraile, Guillermo
_eAUT
245 0 _aHistoria de la filosofía:
_bdel humanismo a la ilustración (siglo XV-XVIII)
260 _c1976
300 _a
_c19 cm.
650 _aGEN
654 _aCHU
942 _cLIB
_dJUS
_fJUS
_2ddc
_n
999 _c1053
_d1053